¡Increíble! (Registro nro. 437187)

Detalles MARC
000 -LÍDER
Campo fijo de descripción fija 00778nam a2200277 a 4500
001 - NÚMERO DE CONTROL
Campo de control 92048
003 - IDENTIFICADOR DEL NÚMERO DE CONTROL
Campo de control BCEG
005 - FECHA Y HORA DE LA ULTIMA TRANSACCIÓN
control field 20260414114210.0
008 - ELEMENTOS DE LONGITUD FIJA -- INFORMACIÓN GENERAL
Campo fijo de descripción fija -- Información general 260414s2024||||sp a|||gr|||||||0#||spa|d
020 ## - ISBN
Isbn 9786071683151
040 ## - FUENTE DE CATALOGACIÓN
Agencia de catalogación original BCEG
Idioma de catalogación spa
Agencia que realiza la transcripción BCEG
082 04 - NÚMERO DE CLASIFICACIÓN DECIMAL DEWEY
Número de clasificación COM741.59493
Clave de autor-Numero de item Z121i
100 1# - ASIENTO PRINCIPAL--NOMBRE PERSONAL
Nombre del autor personal Zabus, Vincent,
Fechas asociadas con el nombre 1971-.
245 11 - TÍTULO PROPIAMENTE DICHO
Título ¡Increíble!
260 ## - PUBLICACIÓN, DISTRIBUCIÓN, ETC. (PIE DE IMPRENTA)
Lugar de publicación, distribución, etc. México :
Nombre del editor, distribuidor, etc. Fondo de Cultura Económica,
Fecha de publicación, distribución, etc. 2024.
300 ## - DESCRIPCIÓN FÍSICA
Extensión 203 p. :
Otros detalles físicos il., col.
490 ## - MENCIÓN DE SERIE
Mención de serie Espectrográfica.
521 ## - NIVEL DE AUDIENCIA
Nota de audiencia Clasificación D: Para todo público.
534 ## - NOTA DE VERSIÓN ORIGINAL
Frase introductoria Título original :
Título original Incroyable !
535 1# - NOTA DE UBICACIÓN DE ORIGINALES
Custodio Disponible en la Comicteca.
541 ## - NOTA DE FUENTE INMEDIATA DE ADQUISICIÓN
Nota de fuente de adquisición Compra.
650 14 - ASIENTO SECUNDARIO DE MATERIA - TERMINO TEMÁTICO
Término temático o nombre geográfico como elemento de entrada Novela gráfica belga.
700 1# - ASIENTO SECUNDARIO - NOMBRE PERSONAL
Nombre personal Hippolyte,
Función o responsabilidad del autor il.
700 1# - ASIENTO SECUNDARIO - NOMBRE PERSONAL
Nombre personal Dehesa, Juana Inés,
Función o responsabilidad del autor tr.
942 ## - TIPO DE MATERIAL (KOHA)
Tipo de Item KOHA Libro
Existencias
No para Préstamo Colección Biblioteca de Origen Biblioteca Permanente Fecha de Adquisición Fuente de Adquisicion Total de Préstamos Signatura Topográfica Código de Barras Última vez visto Tipo de Material Ejemplar
Material en Reserva Cómics Biblioteca Central Estatal de Guanajuato, "Wigberto Jiménez Moreno" Biblioteca Central Estatal de Guanajuato, "Wigberto Jiménez Moreno" 14/04/2026 COMPRA-2025   COM741.59493 Z121i BCEG8655231140 14/04/2026 Libro  
  Cómics Biblioteca Central Estatal de Guanajuato, "Wigberto Jiménez Moreno" Biblioteca Central Estatal de Guanajuato, "Wigberto Jiménez Moreno" 14/04/2026 COMPRA-2025   COM741.59493 Z121i BCEG8655231141 14/04/2026 Libro ej. 2
  Cómics Biblioteca Central Estatal de Guanajuato, "Wigberto Jiménez Moreno" Biblioteca Central Estatal de Guanajuato, "Wigberto Jiménez Moreno" 14/04/2026 COMPRA-2025   COM741.59493 Z121i BCEG8655231142 14/04/2026 Libro ej. 3